[Event "DEN-ch corr"]
[Site "Denmark"]
[Date "2001.??.??"]
[Round "?"]
[White "Andersson, Henrik"]
[Black "Laursen, Bjorn"]
[Result "0-1"]
[WhiteElo "2051"]
[BlackElo "2213"]
[PlyCount "90"]
[EventDate "2001.??.??"]
[EventType "tourn (corr)"]
[EventRounds "13"]
[EventCountry "DEN"]
[SourceTitle "Corr 2006"]
[Source "ChessBase"]
[SourceDate "2006.04.01"]
[SourceVersion "3"]
[SourceVersionDate "2006.04.01"]
[SourceQuality "1"]

1. d4 d5 2. c4 c6 3. cxd5 cxd5 4. Nc3 Nf6 5. Bf4 Nc6 6. e3 a6 7. Bd3 Bg4 8. f3 Bh5 9. Nh3 e6 10. 0-0 Bg6 11. Rc1 Bxd3 12. Qxd3 Be7 13. Bg3 0-0 14. Nf4 Rc8 15. Rfd1 Bd6 16. Nce2 Nb4 17. Qb3 Qd7 18. Bh4 Rxc1 19. Rxc1 Ne8 20. Be1 Nc6 21. Qd3 Qc7 22. Bh4 Qb6 23. Qd2 Bb4 24. Qd3 Bd6 25. Qd2 Bb8 26. Nd3 Nd6 27. b3 Nf5 28. Bg5 f6 29. Bf4 e5 30. dxe5 fxe5 31. Nxe5 Bxe5 32. Bxe5 Qxe3+ 33. Qxe3 Nxe3 34. Ba1 Nf5 35. g4 Nh4 36. f4 Ng6 37. f5 Re8 38. Kf1 Nge5 39. Bxe5 Rxe5 40. Nf4 Re4 41. Nxd5 Rxg4 42. f6 Rd4 43. Ne7+ Nxe7 44. fxe7 Kf7 45. Rc7 Rd1+ 0-1

[Event "DEN-ch corr"]
[Site "Denmark"]
[Date "2001.??.??"]
[Round "?"]
[White "Andersson, Henrik"]
[Black "Willumsen, Niels Henrik"]
[Result "1-0"]
[WhiteElo "2051"]
[BlackElo "1803"]
[PlyCount "59"]
[EventDate "2001.??.??"]
[EventType "tourn (corr)"]
[EventRounds "13"]
[EventCountry "DEN"]
[SourceTitle "Corr 2006"]
[Source "ChessBase"]
[SourceDate "2006.04.01"]
[SourceVersion "3"]
[SourceVersionDate "2006.04.01"]
[SourceQuality "1"]

1. d4 Nf6 2. c4 g6 3. Nc3 Bg7 4. e4 d6 5. Nf3 0-0 6. Be2 e5 7. 0-0 Nc6 8. d5 Ne7 9. b4 a5 10. bxa5 Rxa5 11. Nd2 c5 12. a4 Nd7 13. Nb5 Ra6 14. Ra3 f5 15. exf5 gxf5 16. Nf3 Nf6 17. Ng5 h6 18. Ne6 Bxe6 19. dxe6 Qc8 20. Rd3 e4 21. Rxd6 Ne8 22. Rxa6 bxa6 23. Qd7 axb5 24. Qxe7 bxa4 25. Bd1 Qa6 26. Bh5 Nf6 27. Bf7+ Kh8 28. Bb2 Nh7 29. Bg6 Rg8 30. Rd1 1-0

[Event "DEN-ch corr"]
[Site "Denmark"]
[Date "2001.??.??"]
[Round "?"]
[White "Johnsen, Klaus Hoeck"]
[Black "Andersson, Henrik"]
[Result "1/2-1/2"]
[WhiteElo "2240"]
[BlackElo "2051"]
[PlyCount "43"]
[EventDate "2001.??.??"]
[EventType "tourn (corr)"]
[EventRounds "13"]
[EventCountry "DEN"]
[SourceTitle "Corr 2006"]
[Source "ChessBase"]
[SourceDate "2006.04.01"]
[SourceVersion "3"]
[SourceVersionDate "2006.04.01"]
[SourceQuality "1"]

1. d4 d5 2. c4 e6 3. Nc3 c6 4. Nf3 dxc4 5. Bg5 Qc7 6. e4 b5 7. a4 Bb4 8. Be2 Nd7 9. 0-0 Ngf6 10. axb5 Bxc3 11. bxc6 Bxb2 12. cxd7+ Bxd7 13. Ra2 c3 14. Qc2 Qb6 15. Bd3 Bb5 16. Bxb5+ Qxb5 17. Rb1 0-0 18. Bxf6 gxf6 19. Qxc3 Bxc3 20. Rxb5 Rab8 21. Rxb8 Rxb8 22. Kf1 1/2-1/2